000 00808nam a2200253 i 4500
003 DO-SdBNP
005 20250213104845.0
007 ta
008 211201b2019 dr ||||| |||| 00| f spa d
020 _a9789945614398
040 _aDO-SdBNP
_bspa
_cBNPHU
_erda
082 4 _axx
_bC794n
_222
100 1 _aCordero, Margarita
_eautora
_4aut.
_939
245 1 0 _aNosotras, las de entonces :
_b(novela) /
_cMargarita Cordero.
264 _aSanto Domingo :
_bEditora Santuario,
_c2019.
300 _a143 páginas ;
_c21 cm.
336 _atexto
_btxt
_2rdacontent
337 _asin mediación
_bn
_2rdamedia
338 _avolumen
_bnc
_2rdacarrier
500 _aIncluye datos biográficos de la autora en la solapa de la cubierta
590 _aInventariado, 2021 /LP
910 _aLopérez.
942 _2ddc
_cLBS1
999 _c51086
_d51086